Příprava České republiky na přijetí eura: konfrontace zájmů, záměrů a iluzí
Záväzky plynúce z členstva EÚ pre Českú republiku. Vyhodnotenie plnenia konvergenčných kritérií. Porovnanie ekonomickej, cenovej a mzdovej úrovne vybraných krajín EÚ. Konfrontácia záujmov: menová únia verzus pristupujúci štát. Vstupné kritériá EÚ pre účasť členského štátu v eurozóne. Možné scenáre...
Salvato in:
| Autore principale: | |
|---|---|
| Natura: | Capitolo di libro |
| Lingua: | ceco |
| Soggetti: | |
| Tags: |
Nessun Tag, puoi essere il primo ad aggiungerne!!
|
MARC
| LEADER | 00000naa$a2200000$$$4500 | ||
|---|---|---|---|
| 001 | 0054198 | ||
| 005 | 20220713131250.0 | ||
| 041 | 0 | |a cze | |
| 044 | |a CZ | ||
| 245 | 1 | 0 | |a Příprava České republiky na přijetí eura: konfrontace zájmů, záměrů a iluzí |c Ivana Dostálová |
| 520 | |a Záväzky plynúce z členstva EÚ pre Českú republiku. Vyhodnotenie plnenia konvergenčných kritérií. Porovnanie ekonomickej, cenovej a mzdovej úrovne vybraných krajín EÚ. Konfrontácia záujmov: menová únia verzus pristupujúci štát. Vstupné kritériá EÚ pre účasť členského štátu v eurozóne. Možné scenáre pre prechod na euro. | ||
| 610 | 2 | 0 | |a integrácia ekonomická medzinárodná |
| 610 | 2 | 0 | |a euro |
| 610 | 2 | 0 | |a Európska menová únia |
| 610 | 2 | 0 | |a eurozóna |
| 610 | 2 | 0 | |a Česko |
| 610 | 2 | 0 | |a politika fiškálna |
| 610 | 2 | 0 | |a rozpočty verejné |
| 610 | 2 | 0 | |a skupiny záujmové |
| 610 | 2 | 0 | |a deficit rozpočtový |
| 100 | 1 | |a Dostálová, Ivana | |